000 00596nam a22002057a 4500
999 _c1744
_d1744
003 OSt
005 20230313171009.0
008 150511b xxu||||| |||| 00| 0 eng d
020 _a093570261x
040 _c040a
082 _a541.224 DEK 1989
100 _aDeKock, Roger L.; Gray, Harry B.
_94595
245 _aChemical Structure and Bonding
260 _aCalfornia;
_bUniversity science books,
_c1989
300 _axi, 491p ;
_bill :
_c10 cm
504 _aincludes bibliographical references and index
650 _aChemistry
_9797
650 _aChemical bonding
_916473
942 _2ddc
_cSLOAN